00748nam a2200145 i 4500001000300000245029200003260002100295490006100316830005400377040000800431041000800439080001600447008004100463856009800504bg 0aAgrophysical bases of soils and cultivated plants productivity =bAgrofizyczne podstawy produktywności gleb i roślin uprawnych : collection of papers from the conference [...] of the Institute of Agrophysics in Lublin, 12-15.11.1988.nP. 2,pPlants materials = Materiały roślinne. aWarszawa,c1991.1 aZeszyty Problemowe Postępów Nauk Rolniczych ;vz.389 aZeszyty Problemowe Postępów Nauk Rolniczych ; cBPK apol a631.4:631.5 s pl f |000 0 pol  uhttp://koha.tu.koszalin.pl/cgi-bin/koha/opac-detail.pl?biblionumber=29464yKatalog online BPK